000 007170000a22002170004500
020 _a0-8297-3199-7
082 0 4 _aG 259.23 F461m
100 1 _aFields, Doug (1962-)
245 1 0 _aMinisterio de jóvenes con propósito : nueve principios básicos para un crecimiento saludable / Doug Fields
260 _aMiami : Vida
300 _a429 Pag.
440 0 _aCol. Especialidades juveníles
500 _aContiene apendice
520 _aPoder de Dios \ Propósito \ Audiencia potencial
650 1 4 _aLIDERAZGO CRISTIANO \ MINISTRO \ EDUCACION CRISTIANA DE JOVENES
001 753
942 _cBK
999 _c32205
_d32205
336 _atexto
_btxt
_2rdacontent
337 _2rdamedia
_asin mediación
_bn
338 _2rdacarrier
_avolumen
_bnc